The Egypt of the sojourner /

Saved in:

Main Author: Peto, Gladys Emma, 1890-1977 (Author)

Other Authors: Emmerson, Cuthbert Lindsay, 1890-

Format: Book

Language: English

Published: London ; Toronto : J.M. Dent and Sons, 1928.

Subjects:

Tags: Add Tag

No Tags, Be the first to tag this record!

Call Number: DT55 .P45 1928

LEADER 00800namaa2200241 4500
001 18952
003 OSt
005 20260329092129.0
008 130303s1928 enkaf 000 0 eng d
010 |a 29012630 
040 |c ARCE Library 
043 |a f-ua--- 
050 4 |a DT55 .P45 1928 
100 1 |a Peto, Gladys Emma,   |d 1890-1977,   |e author  |9 37532 
245 1 4 |a The Egypt of the sojourner /   |c by Gladys Peto ; with one chapter by C. L. Emmerson ; illustrated by the author. 
264 1 |a London ;   |a Toronto :   |b J.M. Dent and Sons,   |c 1928. 
300 |a xiii, 238 pages :   |b illustrations, plates ;   |c 18 cm. 
500 |a Map on lining-papers. 
651 0 |a Egypt  |x Description and travel. 
700 1 |a Emmerson, Cuthbert Lindsay,  |d 1890-  |9 29604 
901 |a reviewed 
942 |c BK  |2 lcc 
999 |c 16000  |d 16000